000 01138nam a22002657a 4500
001 8751
003 FISKH
005 20251017120953.0
008 251016b cb ||||| |||| 00| 0 eng d
020 _a9780194789158
040 _aFISKH
_beng
_cFISKH
_dFISKH
050 _aPE1126.A4 B377
082 _a428
100 _aBassett, Jennifer
_eAuthor
245 _aThe phantom of the opera /
_cJennifer Bassett
260 _aNew York :
_bOxford University ,
_c1993
300 _a56 pages :
_billustrations ;
_c20 cm
505 _aG
520 _aIt is 1880, in the Opera House in Paris. Everybody is talking about the Phantom of the Opera, the ghost that lives somewhere under the Opera House. The Phantom is a man in black clothes. He is a body without a head, he is a head without a body. He has a yellow face, he has no nose, he has black holes for eyes. Everybody is afraid of the Phantom - the singers, the dancers, the directors, the stage workers . . . But who has actually seen him?
521 8 _a450
_bLexile
521 8 _aG
_bRaz-Plus
650 _aDrama fiction
_vElementary
942 _2ddc
_cBK
_n0
999 _c8751
_d8751